000 01213nam a22002777a 4500
005 20240530110356.0
008 150106s2009 ua d f b 000 0 ara d
017 _a2009/9419
_bمصر . دار الكتب المصرية
020 _a977383171X
040 _aEG-CaGPL
041 1 _aara
_heng
082 0 4 _221
_a616.8914\
_bش ع
100 1 _aشادوش ، بول
245 1 2 _aالعلاج المعرفى للضلالات و الاصوات و جنون الاضطهاد =
_bcognitive therapy for delusions voices paranoia /
_cتاليف بول شادوش ، بيتر تراوير ؛ ترجمة طارق اسعد ، الفت كحلة
250 _aط1
260 _aالقاهرة :
_bايتراك للطباعة و النشر و التوزيع ،
_c2009
300 _a317 ص :
_bايض ؛
_c24 سم
504 _aببليوجرافية : ص 305 - 317
650 0 4 _aالاضطهاد
_xالجوانب النفسية
650 0 4 _aالاصوات
_xرعاية و علاج
700 1 _a تراوير ، بيتر
_eمؤلف مشارك
700 0 _aطارق اسعد
_eمترجم
700 0 _aالفت كحلة
_eمترجم مساعد
942 _2ddc
_cBK
999 _c60175
_d60175